书目信息 |
| 题名: |
商贸英语口语大全
|
|
| 作者: | 张翠萍 主编 ;张春萍 编 | |
| 分册: | ||
| 出版信息: | 北京 对外经济贸易大学出版社 2006.02 |
|
| 页数: | 394页 | |
| 开本: | 20cm | |
| 丛书名: | ||
| 单 册: | ||
| 中图分类: | H319.9 | |
| 科图分类: | ||
| 主题词: | 商务--shang wu--英语--口语 | |
| 电子资源: | ||
| ISBN: | 7-81078-604-0 | |
| 000 | 00900nam0 2200229 450 | |
| 001 | 012006396890 | |
| 005 | 20071015105611.57 | |
| 010 | @a7-81078-604-0@dCNY19.00 | |
| 100 | @a20061204d2006 km y0chiy0120 ea | |
| 101 | 0 | @achi@aeng |
| 102 | @aCN@b110000 | |
| 105 | @ay z 000yy | |
| 200 | 1 | @a商贸英语口语大全@Ashang mao ying yu kou yu da quan@f张翠萍主编@Fzhang cui ping zhu bian@g张春萍等编@Gzhang chun ping deng bian |
| 210 | @a北京@c对外经济贸易大学出版社@d2006.02 | |
| 215 | @a394页@d20cm | |
| 330 | @a本书中英文对照,介绍了外经贸活动中经常使用的英语口语。全书包括抵达、打电话、宴请、购物、过海关等简单的日常活动,如询盘、报盘、还盘、佣金、折扣、订货、装运、付款、合同、代理、索赔等内容。 | |
| 606 | 0 | @a商务@Ashang wu@x英语@x口语 |
| 690 | @aH319.9@v4 | |
| 701 | 0 | @a张翠萍@Azhang cui ping@4主编 |
| 702 | 0 | @a张春萍@Azhang chun ping@4编 |
| 801 | 0 | @aCN@c20071015 |
| 905 | @dH319.9@eZ084 | |
| 商贸英语口语大全/张翠萍主编/张春萍等编.-北京:对外经济贸易大学出版社,2006.02 |
| 394页;20cm |
| ISBN 7-81078-604-0:CNY19.00 |
| 本书中英文对照,介绍了外经贸活动中经常使用的英语口语。全书包括抵达、打电话、宴请、购物、过海关等简单的日常活动,如询盘、报盘、还盘、佣金、折扣、订货、装运、付款、合同、代理、索赔等内容。 |
| ● |
| 相关链接 |
|
|
|
正题名:商贸英语口语大全
索取号:H319.9/Z084
 
预约/预借
| 序号 | 登录号 | 条形码 | 馆藏地/架位号 | 状态 | 备注 |
| 1 | 229763 | 202297638 | 语言库209/209语言库 113排1列2层/ [索取号:H319.9/Z084] | 在馆 | |
| 2 | 229764 | 202297647 | 语言库209/209语言库 113排1列2层/ [索取号:H319.9/Z084] | 在馆 | |
| 3 | 229765 | 202297656 | 语言库209/209语言库 113排1列2层/ [索取号:H319.9/Z084] | 在馆 | |
| 4 | 651337 | 206513370 | 语言库209/209语言库 113排1列2层/ [索取号:H319.9/Z084] | 在馆 | |
| 5 | 651338 | 206513389 | 语言库209/209语言库 113排1列2层/ [索取号:H319.9/Z084] | 在馆 | |
| 6 | 651339 | 206513398 | 语言库209/209语言库 113排1列2层/ [索取号:H319.9/Z084] | 在馆 |